Statistics for Chicago O'Hare Airport (ORD) Destinations

Click here to take the quiz!

General Stats

  • This quiz has been taken 1,152 times
    (1,088 since last reset)
  • The average score is 124 of 248

Answer Stats

HintAnswer% Correct
American, Delta Connection, JetBlueNew York-JFK
92%
American, American Airlines Shuttle, Delta Shuttle, Spirit Air, United, United ExpressNew York-Laguardia
92%
Norwegian Air ShuttleLondon-Gatwick
91%
American, British Airways, UnitedLondon-Heathrow
91%
American, Frontier, United, United ExpressMiami
90%
Air France, American, UnitedParis-Charles de Gaulle
90%
American, Spirit Air, United, United ExpressDallas/Fort Worth
89%
American, American Eagle, Spirit Air, United, United ExpressHouston-Intercontinental
89%
Alaska Air, American, Frontier, Spirit Air, UnitedLos Angeles
89%
Alaska Air, American, Delta, Frontier, Spirit Air, UnitedSeattle/Tacoma
89%
American, JetBlue, Spirit Air, United, United ExpressBoston
88%
Alaska Air, American, Frontier, UnitedSan Francisco
88%
All Nippon AirwaysTokyo-Haneda
87%
All Nippon Airways, American, Japan Airlines, UnitedTokyo-Narita
87%
American, American Eagle, Delta, Spirit Air, United, United ExpressAtlanta
86%
American, American Eagle, Frontier, Spirit Air, UnitedDenver
86%
Aeromexico, InterJet, Volaris, UnitedMexico City
86%
IberiaMadrid
85%
United, United ExpressPortland (ME)
85%
Alaska Air, American, Frontier, Spirit Air, UnitedPortland (OR)
85%
Air Canada, Air Canada Express, American Eagle, United, United ExpressToronto-Pearson
85%
KLM, UnitedAmsterdam
84%
EmiratesDubai
84%
American, Spirit Air, UnitedSan Diego
84%
American, Frontier, Spirit Air, UnitedLas Vegas
83%
American, Frontier, Spirit Air, UnitedOrlando
83%
Air Canada Express, UnitedVancouver
83%
American, Frontier, United, United ExpressAustin
82%
American, Hainan Air, UnitedBeijing
82%
American, American Eagle, Delta, Delta Connection, United, United ExpressDetroit
82%
American, Frontier, Spirit Air, UnitedPhoenix
82%
Aer Lingus, American, UnitedDublin
81%
Lufthansa, UnitedFrankfurt
81%
American, American Eagle, Delta, Delta Connection, Spirit Air, United, United ExpressMinneapolis/St Paul
81%
Alitalia, American, UnitedRome-Fiumicino
81%
Frontier, United, United ExpressWashington-Dulles
81%
American, American Eagle, United, United ExpressWashington-National
81%
United ExpressJackson (MS)
80%
American, Frontier, UnitedSan Jose del Cabo
80%
American, United, United ExpressPhiladelphia
79%
American, UnitedSan Jose (CA)
78%
UnitedSan Jose de Costa Rica
78%
American, China Eastern, UnitedShanghai-Pudong
78%
Etihad AirwaysAbu Dhabi
77%
Alaska Air, UnitedAnchorage
77%
American, Frontier, United, United ExpressCharlotte
77%
American Eagle, United, United ExpressIndianapolis
77%
Air Canada Express, American Eagle, United ExpressMontreal
77%
American, American Eagle, Spirit Air, United, United ExpressNew Orleans
77%
American, Frontier, Spirit Air, UnitedTampa
77%
UnitedHonolulu
76%
American, American Eagle, United, United ExpressKansas City
76%
American Eagle, United, United ExpressNashville
76%
American, American Eagle, United, United ExpressNewark
76%
American, Frontier, Spirit Air, United, vivaAerobusCancun
75%
Lufthansa, UnitedMunich
75%
American, American Eagle, United ExpressSaint Louis
75%
American Eagle, United, United ExpressCleveland
74%
Cathay Pacific, UnitedHong Kong
74%
American, American Eagle, United, United ExpressJacksonville (FL)
74%
American, American Eagle, Frontier, United, United ExpressSan Antonio
74%
SASStockholm-Arlanda
74%
LOT PolishWarsaw
74%
FinnairHelsinki
73%
American Eagle, United, United ExpressMemphis
73%
American, UnitedSacramento
73%
Asiana Air, Korean AirSeoul-Incheon
73%
American, American Eagle, Spirit Air, United, United ExpressBaltimore
72%
United, United Express, WestJetCalgary
72%
American Eagle, United, United ExpressColumbus
72%
United ExpressManchester (NH)
72%
AmericanManchester (UK)
72%
American Eagle, United, United ExpressMilwaukee
72%
American, American Eagle, United, United ExpressPittsburgh
72%
AmericanBarcelona
71%
SASCopenhagen
71%
American, American Eagle, Delta, Delta Connection, United, United ExpressSalt Lake City
71%
Swiss International Air LinesZurich
71%
American Eagle, United ExpressBirmingham (AL)
70%
Turkish AirlinesIstanbul
70%
American Eagle, United, United ExpressOklahoma City
70%
American, Frontier, United, United ExpressRaleigh/Durham
70%
American Eagle, United, United ExpressBoise
68%
Air IndiaDelhi
68%
American Eagle, United, United ExpressBuffalo
67%
American Eagle, Delta Connection, United, United ExpressCincinnati
67%
American, American Eagle, Frontier, United ExpressEl Paso
67%
American, American Eagle, United ExpressLouisville
67%
Copa AirlinesPanama City
67%
American, American Eagle, United, United ExpressAlbuquerque
65%
Qatar AirwaysDoha
65%
American Eagle, United, United ExpressDes Moines
64%
American Eagle, United, United ExpressOmaha
64%
United, United ExpressCharleston (SC)
63%
United ExpressCharleston (WV)
63%
American, JetBlue, Spirit Air, UnitedFort Luaderdale
63%
Bahamasair, United, United ExpressNassau
63%
AmericanReno/Tahoe
63%
American Eagle, United, United ExpressAlbany
62%
Spirit AirOakland
62%
Icelandair, WOW AirReykjavik
62%
American Eagle, United ExpressSpringfield/Branson
62%
United ExpressSpringfield (IL)
62%
American Eagle, United ExpressLittle Rock
61%
American Eagle, United, United ExpressMadison
61%
UnitedBrussels
60%
American, American Eagle, United ExpressTulsa
60%
United ExpressOttawa
59%
American, United ExpressTucson
59%
American Eagle, Frontier, United ExpressColorado Springs
58%
Aeromexico, Interjet, VolarisGuadalajara
58%
American Eagle, United, United ExpressRichmond
57%
UnitedSao Paulo
57%
American Eagle, United, United ExpressGrand Rapids
56%
United, United ExpressSavannah
55%
American Eagle, United, United ExpressProvidence
54%
American Eagle, United ExpressRochester (MN)
54%
American Eagle, United, United ExpressRochester (NY)
54%
American Eagle, United, United ExpressWichita
53%
American Eagle, United ExpressColumbia (MO)
52%
United ExpressColumbia (SC)
52%
American Eagle, United ExpressFargo
52%
American, American Eagle, United, United ExpressHartford
52%
United ExpressLincoln
52%
American, UnitedSan Juan
52%
UnitedSpokane
52%
EVA AirTaipei-Taoyuan
52%
Royal JordanianAmman
51%
American Eagle, United ExpressGreen Bay
51%
American Eagle, United ExpressAkron/Canton
50%
American Eagle, United ExpressKnoxville
50%
United ExpresssWinnipeg
50%
American Eagle, United ExpressDayton
49%
American Eagle, United ExpressSioux Falls
49%
United ExpressBillings
48%
American Eagle, United ExpressLexington
48%
Avianca El SalvadorSan Salvador
48%
American Eagle, United, United ExpressSyracuse
48%
United ExpressDuluth
47%
United Express, VolarisMonterrey
47%
UnitedEdinburgh
46%
American Eagle, United, United ExpressHarrisburg
46%
American EagleToledo
46%
American Eagle, United ExpressCedar Rapids/Iowa City
45%
American, Spirit Air, United, United ExpressFort Myers
45%
United ExpressQuebec
45%
LOT PolishKrakow
44%
United ExpressMobile
44%
American, American Eagle, United, United ExpressNorfolk
44%
American Eagle, United ExpressFort Wayne
43%
AmericanGuatemala City
42%
American EagleBismarck
41%
American Eagle, United ExpressGreensboro
41%
American, UnitedOrange County (CA)
41%
Air Choice OneBurlington (IA)
39%
United, United ExpressBurlington (VT)
39%
American Eagle, United ExpressLansing
39%
American Eagle, United ExpressAspen
35%
American Eagle, United ExpressChattanooga
34%
American Eagle, United ExpressPeoria
34%
American, Frontier, UnitedPunta Cana
34%
United ExpressWilmington
34%
LOT PolishBudapest
33%
UnitedFairbanks
33%
United ExpressFayetteville/Bentonville
33%
American, FrontierOntario
33%
American, Frontier, Spirit Air, United ExpressWest Palm Beach
33%
American, American Eagle, United, United ExpressBozeman
32%
United ExpressErie
32%
American Eagle, United ExpressGreenville/Spartanburg
32%
American Eagle, United ExpressHuntsville
32%
American, United, United ExpressJackson Hole
32%
United ExpressKey West
32%
United ExpressPensacola
32%
United ExpressRapid City
32%
American, UnitedMontego Bay
31%
United, United ExpressSarasota
31%
United ExpressSouth Bend
31%
United ExpressAllentown
30%
American Eagle, United ExpressFlint
30%
American, Frontier, UnitedPuerto Vallarta
30%
United ExpressAsheville
29%
American, UnitedEagle/Vail
29%
United, United ExpressMissoula
29%
American Eagle, United, United ExpressTraverse City
29%
United ExpressBangor
28%
American Eagle, United ExpressEvansville
28%
Spirit Air, United, United ExpressMyrtle Beach
28%
American EagleSioux City
28%
American EagleFayetteville (AR)
27%
American, United, United ExpressPalm Springs
27%
United ExpressWilkes-Barre/Scranton
27%
American EagleBloomington/Normal
26%
Cayman Airways, UnitedGrand Cayman
26%
American Eagle, United ExpressKalamazoo
26%
UnitedAruba
25%
American Eagle, United ExpressAppleton
24%
American Eagle, United ExpressMoline-Quad City
23%
UnitedBelize City
22%
UnitedKahului
22%
United ExpressEau Claire
20%
American Eagle, United ExpressCharlottesville
19%
American, UnitedCozumel
19%
United ExpressGreat Falls
19%
American EagleLa Crosse
19%
American EagleMarquette
19%
United ExpressRoanoke
19%
Air IndiaHyderabad
18%
FrontierLong Island/Islip
17%
United ExpressSaginaw
17%
UnitedSaint Lucia
17%
UnitedShannon
17%
United ExpressKalispell
16%
American Eagle, United ExpressWhite Plains
16%
American Eagle, United ExpressDubuque
15%
UnitedSaint Thomas
15%
United EpxressState College
15%
American Eagle, United ExpressHayden/Steamboat Springs
14%
UnitedSaint Maarten
13%
UnitedLiberia
12%
American EagleManhattan (KS)
12%
American Eagle, United, United ExpressMontrose
12%
Air Choice One, Cape AirDecatur
11%
United ExpressMuskegon
11%
UnitedProvidenciales
11%
United, VolarisIxtapa/Zihuatanejo
10%
United ExpressQuincy
10%
United ExpressHoughton/Hancock
9%
UnitedMazatlan
9%
United ExpressSun Valley
9%
United ExpressCape Girardeau
8%
United ExpressCody
7%
United ExpressGunnison/Crested Butte
7%
FrontierPunta Gorda
7%
Air Choice OneIronwood
6%
Air Choice OneMason City
6%
United ExpressSalina
6%
American Eagle, United ExpressChampaign/Urbana
5%
American EagleHattiesburg/Laurel
5%
VolarisHuatulco
5%
United ExpressClarksburg
4%
American EagleMeridian (KS)
4%
FrontierSaint Augustine
3%
United ExpressShenandoah Valley
3%
United ExpressLewisburg
2%
American Eagle, United ExpressMosinee
2%
United ExpressPudacah
1%
American EagleWaterloo (IA)
1%

Score Distribution

Percentile by Number Answered

Percent of People with Each Score

Your Score History

You have not taken this quiz since the last reset